Динамические характеристики следящего гидропривода с золотником Г68-1; Гидропривод и гидропневмоавтоматика; Вып. 5

Detaylı Bibliyografya
Parent link:Гидропривод и гидропневмоавтоматика
Вып. 5.— 1969.— С. 41-50
Yazar: Немировский И. А.
Diğer Yazarlar: Франк Э. Г.
Baskı/Yayın Bilgisi: 1969
Konular:
Materyal Türü: Kitap Bölümü
KOHA link:https://koha.lib.tpu.ru/cgi-bin/koha/opac-detail.pl?biblionumber=594082

MARC

LEADER 00000naa0a2200000 4500
001 594082
005 20241211132123.0
035 |a (RuTPU)RU\TPU\tpu\8201 
035 |a TPU00000663 
090 |a 594082 
100 |a 20020118d1969 k||y0 y50 ca 
102 |a RU 
200 1 |a Динамические характеристики следящего гидропривода с золотником Г68-1  |f И. А. Немировский, Э. Г. Франк 
461 |t Гидропривод и гидропневмоавтоматика  
463 |t Вып. 5  |v С. 41-50  |d 1969 
610 1 |a гидроприводы 
610 1 |a автоматика 
610 1 |a труды учёных ТПУ 
700 1 |a Немировский  |b И. А. 
701 1 |a Франк  |b Э. Г. 
801 0 |a RU  |b 63413507  |c 20020118  |g PSBO 
801 2 |a RU  |b 63413507  |c 20091008  |g RCR 
942 |c CR